DC Comics Superheroes Quiz - Statistics

General Stats
  • This quiz has been taken 848 times
    813 since last reset
  • The average score is 24 of 30
Answer Stats
Description Alter-Ego Answer % Correct
After witnessing the murder of his parents in an alley, he becomes Gotham City's feared vigilante by night Bruce Wayne Batman
100%
Known as The Man of Steel, he is sent to Earth from his planet Krypton, winding up in Smallville and later Metropolis Clark Kent Superman
100%
Fastest man alive, protects Central City and Keystone City Barry Allen The Flash
99%
Amazon warrior princess, daughter of Hippolyta, and raised on the island of Themyscira Diana Prince Wonder Woman
99%
Ruler of the seas, king of Atlantis, able to communicate with marine animals Arthur Curry Aquaman
98%
Batman's teenage vigilante sidekick and crimefighting partner Tim Drake Robin
98%
Half man and half machine; original body was destroyed in an accident, but was saved through experimental prosthetic technology at STAR Labs Victor Stone Cyborg
96%
Vigilante superhero of Star City, known for his mastery at archery and martial arts Oliver Queen Green Arrow
96%
With the help of a magic power ring, he can create energy "constructs" using willpower Hal Jordan Green Lantern
96%
Clark Kent's cousin; also sent to Earth from Krypton, developing the same powers Kara Zor-El Supergirl
95%
Graduated from the position of Batman's sidekick to being a vigilante himself, Escrima Sticks being his weapon of choice Dick Grayson Nightwing
93%
Wields the Living Lightning, which was bestowed upon him by an ancient wizard Billy Batson Shazam
91%
Another one of Batman's sidekicks; paralyzed by the Joker, but continued to fight crime by becoming a super-hacker Barbara Gordon Batgirl or Oracle
88%
Partner of above, who has the same winged costume, and also has a similar harness and mace Carter Hall Hawkman
88%
Extraterrestrial whose family was killed in a holocaust; later came to Earth where he is able to blend in with humanity by shape-shifting John Jones Martian Manhunter
87%
Winged vigilante who fights crime with a harness made of Nth metal; she also wields a mace Shiera Sanders Hall Hawkgirl
86%
Empath who can teleport and control her "soul-self" with her dark magic; she is the daughter of a demon father and a human mother Rachel Roth Raven
84%
Vigilante known for her sonic scream attack; great fighter, often seen on a motorcycle Dinah Lance Black Canary
83%
Can shrink down to subatomic levels while maintaining regular mass Ray Palmer Atom
79%
Uses a scarab to form an exoskeleton that he uses to fight crime Jaime Reyes Blue Beetle
71%
Both a stage magician and an actual magician like her father; her spell-casting usually involves her incantations spelled backwards _______ Zatara Zatanna
67%
Antihero who is an occult detective and professional sorcerer from Liverpool; known for his cynicism, snarkiness, and smoking habit N/A John Constantine
66%
Agent of the Lords of Order in the battle against chaos, using a powerful amulet, cloak, and helmet Kent Nelson Dr. Fate
61%
Nuclear-powered with the ability to transmute elements; he is a composite of multiple people combined Ronnie Raymond/Martin Stein Firestorm
60%
Metahuman with vibrational abilities, such as sonic vibration manipulation and emition of powerful shock waves Cisco Ramon Vibe
57%
Amphibian queen of Atlantis with powers of hydrokinesis N/A Mera
54%
Devout Catholic Italian-American vigilante, orphaned daughter of a murdered mafia family, taken in by Batman Helena Bertinelli Huntress
49%
Born in Zambesi; uses her Tantu Totem to channel the powers of the animal kingdom Mari Jiwe McCabe Vixen
46%
Time-traveller born in 25th century who uses high-tech equipment to fight crime Michael Jon Carter Booster Gold
45%
Adolescent who develops advanced powers of electromagnetism from "The Big Bang" (no not that one), transports on a saucer Virgil Ovid Hawkins Static
29%
No matching quizzes found
Score Distribution
Percent of People with Each Score
Percentile by Number Answered
Your Score History
You have not taken this quiz since the last reset